000 00688nam a2200277 a 4500
001 nice12345678
003 IN_TiNIC
005 20260116011305.0
008 050524s1947 beia grp 000 0 eng
020 _a
_c100
082 0 0 _a017.2
_bAME
100 _aAmerican Press,
245 _aCatalogue of the American Press
260 _aBeirut
_bAmerican Press
_c1947
300 _a73p
500 _aincludes index and biblioraphy
505 2 _aIndex
650 _aLebanon-American Press
650 _aAmerican Press-Catalogue
650 _aPublications-Arabic
650 _aCatalogue-Books
700 1 _aAmerican Press,
902 _bRHR
942 _cBK
999 _c219
_d219